Statistics for JackSepticEye - all the way lyrics

Click here to take the quiz!

General Stats

  • This quiz has been taken 254 times
  • The average score is 280 of 371

Answer Stats

ANSWER% Correct
a
99%
$#!t!
99%
All
97%
all
97%
All
97%
(Way)
96%
way
96%
way
96%
the
95%
I
93%
o'
92%
ya
89%
to
88%
To
88%
to
88%
you
87%
You
87%
you
87%
you
87%
Steve,
83%
Steve
83%
be
82%
on)
82%
on
82%
on-a
82%
In
81%
in
81%
He
78%
is
78%
(Keep
78%
keep
78%
(Keep
78%
keep
78%
My
78%
my
78%
victory
77%
victory
77%
Top
74%
believe
73%
believe,
73%
Grab
73%
JackSepticEye!
73%
mornin'
73%
name
71%
dancin')
70%
f**kin'
70%
town
70%
that
68%
that
68%
and
66%
flyin)
65%
Mother
65%
winner
65%
now
64%
then
64%
your
64%
Every
63%
it?
63%
it
63%
Oh
63%
goin',
62%
goin',
62%
got
62%
Feels
61%
glory
61%
good
61%
ape-a*$
59%
bull$#!t
59%
laddies!
59%
with
59%
teeth
57%
call
56%
this)
56%
great
54%
Great,
54%
need
54%
Simple
54%
one
52%
One
52%
challenge
51%
die,
51%
die
51%
Why
51%
legs
50%
Little
50%
little
50%
magnetic?
50%
Potatoman
49%
that's
47%
That's
47%
aren't
46%
pit
46%
always
44%
always
44%
hope
44%
bottomless
43%
just
43%
perfect
42%
Hello,
41%
Isn't
41%
Well,
39%
AHH
38%
causes
37%
trouble
37%
bad,
36%
bad
36%
bad,
36%
You're
36%
shot!
34%
were
34%
fake
33%
tickets,
33%
favorite
31%
See,
28%
like,
24%
Noooo!
23%
on-a
20%
on-a
20%
dontcha?
18%
AHHH!
17%
bull$#!t
8%

Score Distribution

Percentile by Number Answered

Percent of People with Each Score

Your Score History

You have not taken this quiz